| 000 | 00645cam a2200205 a 4500 | ||
|---|---|---|---|
| 001 | 000006132 | ||
| 005 | 20200929151937.0 | ||
| 008 | 830509s1982 sp 001 p spa | ||
| 010 | _a83146740 | ||
| 040 |
_aDO-SdBNP _cDLC _dDLC |
||
| 082 |
_aCh _bD671p |
||
| 100 | 1 |
_aDominguez, Delia _d1931- _917258 |
|
| 245 | 1 | 0 |
_aPido que vuelva mi angel / _cDelia Dominguez. edición Sergio Fontana. |
| 260 |
_aSantiago de Chile : _bUniversitaria, _c1982. |
||
| 300 |
_a47 p. ; _c19 cm. |
||
| 490 | 1 | _aGeneración espontánea | |
| 650 | 4 |
_aPoesía chilena _99166 |
|
| 650 | 4 |
_aLiteratura chilena _ySIGLO XX _914677 |
|
| 830 | 1 |
_aGeneración espontánea. _914161 |
|
| 999 |
_c5928 _d5928 |
||